000 00707nam a2200241Ia 4500
003 OSt
005 20220926030146.0
006 a|||||r|||| 00| 0
007 ta
008 220923b |||||||| |||| 00| 0 eng d
020 _a8185078688
037 _cGeneral Book
040 _aRTL
_cRTL
_beng
041 _2eng
_aeng
082 _aV2:51.N47<N20, N2
100 _aVERMA Binood Kumar
_9105535
245 0 _aChamparan and the Indian national movement
260 _aPatna
_bJanaki Prakashan
_c1992
300 _avi,280p
_ccm.
500 _aBibliography p 269-277; Appendix P 254-268
942 _hV2:51.N47<N20, N2
_cGB
_2CC
999 _c648783
_d648783